| 000 | 00987cab a2200277 4500 | ||
|---|---|---|---|
| 001 | X86782 | ||
| 008 | 090401t1997 xxu||||| |||| 00| 0 eng d | ||
| 035 | _a(Sirsi) u86782 | ||
| 041 | _aeng | ||
| 100 | _aBond,, S.G. | ||
| 245 | _aLendors` and investors` attitudes and policies toward property contamination in New Zealand | ||
| 260 | _c1997 | ||
| 350 | _a0 | ||
| 490 |
_aNew Zealand Valuers` Journal _vNovember 1997, 31-41(11) |
||
| 520 | _aSummarises the results of a postal survey of investors and lenders perceptions of the effects of on-site contamination on property investment and financing, specifically in New Zealand. Builds on work undertaken by the authors in the United States. References. | ||
| 650 | _aCONTAMINATED LAND | ||
| 650 | _aINVESTOR LIABILITY | ||
| 650 | _aLAND CONTAMINATION | ||
| 650 | _aLENDER LIABILITY | ||
| 650 | _aPERCEPTION | ||
| 650 | _aPROPERTY VALUES | ||
| 650 | _aRISKS | ||
| 650 | _aSTIGMA | ||
| 942 | _n0 | ||
| 948 | _c11/06/1998 | ||
| 999 |
_c54655 _d54655 |
||